000 00516cam a2200181 4500500
005 20260329003633.0
041 _afre
042 _adc
100 1 0 _aOrtoli, Sven
_eauthor
245 0 0 _aCent pour 100
260 _c2016.
500 _a94
690 _aCent
690 _aGeorg Simmel
690 _aSociologie
786 0 _nPhilosophie magazine | 100 | 6 | 2016-06-01 | p. 15-15 | 1951-1787
856 4 1 _uhttps://shs.cairn.info/magazine-philosophie-magazine-2016-6-page-15?lang=fr&redirect-ssocas=7080
999 _c1826286
_d1826286